Island-Quiz - Sudden Death - Statistiken

Allgemein
  • Dieses Quiz wurde 134 mal gespielt
  • Das Durchschnittsergebnis liegt bei 5 aus 10
Answers on the Grid
Answers color-coded by a green-red scale on the quiz's grid according to % correct below.
Dies ist die Flagge Islands: 🇮🇸
Island besitzt kein Militär
Die Fläche von Island ist größer als die von Portugal
Island grenzt an ein Land mit dieser Flagge: 🇳🇴
Die Amtssprache ist Isisch
Island ist Teil der Europäischen Union
Island ist Mitglied der NATO
In Island leben mehr Männer als Frauen
Das KFZ-Kennzeichen von Island lautet "IS"
In Island leben etwas mehr als 1 Million Menschen
In Island gibt es derzeit keine aktiven Vulkane
Islands Währung ist der Euro
Islands Hauptstadt ist Reykjavík
Island hat weniger Einwohner als Malta
Island wird generell zu Skandinavien gezählt
Island ist ein Königreich
Das BIP pro Kopf in Island ist geringer als das von Dänemark
Etwa 80% der isländischen Bevölkerung gehören der evangelisch-lutherischen Kirche an
Die meisten Einwanderer in Island kommen aus Deutschland
Erling Haaland ist ein isländischer Fußballspieler
 
Antwortstatistiken
Antwort % Korrekt
Islands Hauptstadt ist Reykjavík
79%
Dies ist die Flagge Islands: 🇮🇸
76%
Island ist Mitglied der NATO
63%
Island besitzt kein Militär
49%
Island wird generell zu Skandinavien gezählt
41%
Etwa 80% der isländischen Bevölkerung gehören der evangelisch-lutherischen Kirche an
39%
Island hat weniger Einwohner als Malta
34%
Das KFZ-Kennzeichen von Island lautet "IS"
31%
In Island leben mehr Männer als Frauen
30%
Die Fläche von Island ist größer als die von Portugal
29%
Keine übereinstimmenden Quizze gefunden
Verteilung der Resultate
Anzahl Personen mit jedem Resultat
Perzentil nach korrekt beantworteten Fragen
Ihre Resultats-Entwicklung
Sie haben dieses Quiz noch nicht gespielt